Agravantes del delito de evasión según el carácter apócrifo de la documentación (Registro nro. 22420)
[ vista simple ]
| 000 -LEADER | |
|---|---|
| fixed length control field | 00386 a2200109 4500 |
| 001 - CONTROL NUMBER | |
| control field | ART_47443 |
| 005 - DATE AND TIME OF LATEST TRANSACTION | |
| control field | 20260410161822.0 |
| 008 - FIXED-LENGTH DATA ELEMENTS--GENERAL INFORMATION | |
| fixed length control field | 260409a |
| 100 1# - MAIN ENTRY--PERSONAL NAME | |
| Personal name | Semachowicz, Esteban D. |
| 245 10 - TITLE STATEMENT | |
| Title | Agravantes del delito de evasión según el carácter apócrifo de la documentación |
| 773 0# - HOST ITEM ENTRY | |
| Title | Doctrina Penal Tributaria y Económica |
| Related parts | - N° 49 (sep. 2018) |
| Record control number | REV4317 |
No hay ítems disponibles.